[Event "AUT-ch Vor4 Internet"]
[Site "Playchess.com INT"]
[Date "2020.04.25"]
[Round "3"]
[White "Rotter, Harald"]
[Black "Rosol, Philip"]
[Result "0-1"]
[WhiteElo "1854"]
[BlackElo "1468"]
[PlyCount "82"]
[EventDate "2020.04.25"]
[EventType "swiss (blitz)"]
[EventRounds "9"]
[EventCountry "AUT"]
[SourceTitle "EXT 2021"]
[Source "ChessBase"]
[SourceDate "2020.10.23"]
[SourceVersion "1"]
[SourceVersionDate "2020.10.23"]
[SourceQuality "1"]

1. e4 d6 2. d4 Nf6 3. f3 Nbd7 4. c4 e5 5. d5 Be7 6. Nc3 c6 7. Nh3 h6 8. Nf2 Qc7 9. Be3 a5 10. Rc1 Nf8 11. Be2 Bd7 12. a3 g5 13. b4 axb4 14. axb4 Ng6 15. g3 Rg8 16. c5 Rc8 17. cxd6 Bxd6 18. Nb5 Qb8 19. Nxd6+ Qxd6 20. Bc5 Qc7 21. d6 Qd8 22. 0-0 h5 23. Qd2 Nf8 24. g4 h4 25. Nh3 Ne6 26. Bc4 Nf4 27. Qe3 Nxh3+ 28. Kg2 Nf4+ 29. Kh1 Kf8 30. Qb3 Qe8 31. Ra1 Kg7 32. Ra7 b5 33. Bd3 Qe6 34. Qxe6 Bxe6 35. Bc2 Ra8 36. Rfa1 Rxa7 37. Rxa7 Bd7 38. Bb3 Ne6 39. Bxe6 Bxe6 40. d7 Bxd7 41. Be7 Be6 0-1

[Event "AUT-ch Vor4 Internet"]
[Site "Playchess.com INT"]
[Date "2020.04.25"]
[Round "6"]
[White "Rotter, Harald"]
[Black "Tauber, Andreas"]
[Result "0-1"]
[WhiteElo "1854"]
[BlackElo "1972"]
[PlyCount "50"]
[EventDate "2020.04.25"]
[EventType "swiss (blitz)"]
[EventRounds "9"]
[EventCountry "AUT"]
[SourceTitle "EXT 2021"]
[Source "ChessBase"]
[SourceDate "2020.10.23"]
[SourceVersion "1"]
[SourceVersionDate "2020.10.23"]
[SourceQuality "1"]

1. e4 Nf6 2. Bd3 d5 3. exd5 Nxd5 4. c4 Nb4 5. Bc2 e5 6. a3 Nxc2+ 7. Qxc2 Nc6 8. Ne2 Bg4 9. f3 Bh5 10. 0-0 Bg6 11. Qd1 Bd3 12. Re1 Bc5+ 13. Kh1 Qh4 14. g3 Qxc4 15. b3 Qd5 16. Nf4 Qd7 17. Bb2 0-0 18. Bxe5 Nxe5 19. Rxe5 Qd4 20. Rxc5 Qxc5 21. Nxd3 Qd4 22. Nb2 Qxb2 23. Nc3 Rad8 24. Ra2 Qxc3 25. dxc3 Rxd1+ 0-1

[Event "AUT-ch Vor3 Internet"]
[Site "Playchess.com INT"]
[Date "2020.04.17"]
[Round "2"]
[White "Bachler, Reinhard"]
[Black "Rotter, Harald"]
[Result "1/2-1/2"]
[WhiteElo "2143"]
[BlackElo "1854"]
[PlyCount "149"]
[EventDate "2020.04.17"]
[EventType "swiss (blitz)"]
[EventRounds "9"]
[EventCountry "AUT"]
[SourceTitle "CBM 195 Extra"]
[Source "ChessBase"]
[SourceDate "2020.05.31"]
[SourceVersion "1"]
[SourceVersionDate "2020.05.31"]
[SourceQuality "1"]

1. f4 e6 2. Nf3 b6 3. b3 Bb7 4. e3 a6 5. Bb2 d6 6. Nc3 g6 7. Be2 Bg7 8. 0-0 Ne7 9. Ng5 h6 10. Bf3 d5 11. Nh3 Nd7 12. Nf2 c5 13. e4 d4 14. Ne2 0-0 15. d3 Qc7 16. Bc1 f5 17. Ng3 Nf6 18. Qe2 Rae8 19. h3 h5 20. Re1 h4 21. Nf1 Bh6 22. exf5 exf5 23. Bxb7 Qxb7 24. Qe6+ Kg7 25. Bd2 Qc7 26. Qe5 Qd7 27. Qe2 Ned5 28. Qf3 Qc7 29. a3 Bxf4 30. Bxf4 Qxf4 31. Nd2 Qxf3 32. Nxf3 Ne3 33. Re2 Nfd5 34. Nxh4 Nc3 35. Rd2 Ned5 36. Nf3 Ne2+ 37. Kh2 Nef4 38. g3 Ne2 39. Re1 Nec3 40. Rxe8 Rxe8 41. g4 Ne3 42. Kg1 Nb1 43. Re2 Nxa3 44. gxf5 gxf5 45. b4 Naxc2 46. bxc5 bxc5 47. Nh4 Kf6 48. Ng2 Rg8 49. Nh1 Nxg2 50. Rxg2 Rxg2+ 51. Kxg2 Ne1+ 52. Kf2 Nxd3+ 53. Ke2 c4 54. Ng3 Nf4+ 55. Kd2 Nxh3 56. Ne2 Nf2 57. Nxd4 Ne4+ 58. Ke3 c3 59. Nc2 a5 60. Na3 a4 61. Nc2 Ke5 62. Kd3 f4 63. Na3 Kd5 64. Nc2 f3 65. Ne3+ Ke5 66. Nc4+ Kd5 67. Ne3+ Ke5 68. Nc4+ Kf4 69. Ne3 f2 70. Nf1 Ng3 71. Nh2 a3 72. Kxc3 f1Q 73. Nxf1 Nxf1 74. Kb3 Nd2+ 75. Kxa3 1/2-1/2

[Event "AUT-ch Vor3 Internet"]
[Site "Playchess.com INT"]
[Date "2020.04.17"]
[Round "8"]
[White "Moerwald, Miriam"]
[Black "Rotter, Harald"]
[Result "0-1"]
[WhiteElo "1760"]
[BlackElo "1854"]
[PlyCount "104"]
[EventDate "2020.04.17"]
[EventType "swiss (blitz)"]
[EventRounds "9"]
[EventCountry "AUT"]
[SourceTitle "CBM 195 Extra"]
[Source "ChessBase"]
[SourceDate "2020.05.31"]
[SourceVersion "1"]
[SourceVersionDate "2020.05.31"]
[SourceQuality "1"]

1. e4 e6 2. d4 d5 3. Nc3 Nf6 4. e5 Nfd7 5. Nf3 c5 6. dxc5 Bxc5 7. Bd3 Nc6 8. Bf4 Qb6 9. Qe2 Qxb2 10. Nb5 Bb6 11. Nd6+ Kf8 12. 0-0 Nd4 13. Nxd4 Qxd4 14. Be3 Qxe5 15. Nb5 a6 16. Na3 Bxe3 17. Qxe3 Qxe3 18. fxe3 Nf6 19. Rf2 Bd7 20. Raf1 Ke7 21. c3 Rhf8 22. Nc2 Bc6 23. Nd4 Bd7 24. Rb1 b5 25. a4 e5 26. Nf3 e4 27. Ne5 exd3 28. Nxd3 Ne4 29. Rf4 Nxc3 30. Rb3 Ne2+ 31. Kh1 Nxf4 32. Nxf4 Be6 33. axb5 axb5 34. g3 Rfb8 35. Nd3 Ra1+ 36. Kg2 d4 37. Ne5 Bxb3 38. Nc6+ Kd6 39. Nxb8 dxe3 40. Kf3 Re1 41. h4 Bc4 42. Na6 e2 43. Nb4 Rf1+ 44. Ke3 e1Q+ 45. Kd4 Qxb4 46. g4 Be6+ 47. Kd3 Qc4+ 48. Ke3 Re1+ 49. Kf3 Qf1+ 50. Kg3 Re3+ 51. Kh2 Qf2+ 52. Kh1 Re1# 0-1

[Event "AUT-ch Vor3 Internet"]
[Site "Playchess.com INT"]
[Date "2020.04.17"]
[Round "9"]
[White "Rotter, Harald"]
[Black "Lager, Johannes"]
[Result "0-1"]
[WhiteElo "1854"]
[BlackElo "1611"]
[PlyCount "68"]
[EventDate "2020.04.17"]
[EventType "swiss (blitz)"]
[EventRounds "9"]
[EventCountry "AUT"]
[SourceTitle "CBM 195 Extra"]
[Source "ChessBase"]
[SourceDate "2020.05.31"]
[SourceVersion "1"]
[SourceVersionDate "2020.05.31"]
[SourceQuality "1"]

1. e4 c5 2. Nf3 d6 3. Bb5+ Bd7 4. a4 a6 5. Bxd7+ Nxd7 6. c3 g6 7. d3 Bg7 8. Bg5 Ngf6 9. Nbd2 0-0 10. 0-0 Qc7 11. Re1 b5 12. Rc1 Rfc8 13. Qb3 Qb7 14. e5 dxe5 15. Nxe5 Nxe5 16. Rxe5 e6 17. Re2 Nd5 18. Ne4 Qc6 19. c4 Nb4 20. cxb5 axb5 21. Rxc5 Qd7 22. Qxb4 Rxc5 23. Nxc5 Qc6 24. Be3 bxa4 25. Bd4 Bf8 26. Qc3 Qd5 27. Re1 Rc8 28. Rc1 e5 29. Be3 f5 30. Qc4 Qxc4 31. Rxc4 f4 32. Bxf4 exf4 33. Nxa4 Re8 34. Rxf4 Re1# 0-1

[Event "AUT-ch Vor1 Internet"]
[Site "Playchess.com INT"]
[Date "2020.04.11"]
[Round "8"]
[White "Rotter, Harald"]
[Black "Fugger, Christian"]
[Result "1-0"]
[WhiteElo "1854"]
[BlackElo "1818"]
[PlyCount "101"]
[EventDate "2020.04.11"]
[EventType "swiss (blitz)"]
[EventRounds "9"]
[EventCountry "AUT"]
[SourceTitle "CBM 195 Extra"]
[Source "ChessBase"]
[SourceDate "2020.05.31"]
[SourceVersion "1"]
[SourceVersionDate "2020.05.31"]
[SourceQuality "1"]

1. e4 c5 2. Nf3 d6 3. Bb5+ Bd7 4. a4 e6 5. c3 Nf6 6. d3 a6 7. Bxd7+ Nbxd7 8. Bg5 Be7 9. 0-0 0-0 10. Re1 Qc7 11. d4 cxd4 12. cxd4 Rac8 13. Nc3 h6 14. Bh4 Rfd8 15. Qb3 e5 16. dxe5 dxe5 17. Rac1 Qb6 18. Qxb6 Nxb6 19. Nxe5 g5 20. Bg3 Bb4 21. Red1 Bxc3 22. Rxd8+ Rxd8 23. bxc3 Nxa4 24. f3 b5 25. c4 b4 26. c5 b3 27. c6 b2 28. Rb1 Ne8 29. Nc4 Rd4 30. Nxb2 Rb4 31. c7 Nxc7 32. Bxc7 Rxb2 33. Rxb2 Nxb2 34. Kf2 f6 35. Ke2 Nc4 36. Kd3 Ne5+ 37. Bxe5 fxe5 38. Kc4 Kf7 39. Kb4 Kf6 40. g4 Kg6 41. h3 h5 42. Ka5 hxg4 43. fxg4 Kf6 44. Kxa6 Ke6 45. Kb6 Kd6 46. Kb5 Ke6 47. Kc6 Kf6 48. Kd5 Ke7 49. Kxe5 Kf7 50. Kf5 Kg7 51. Kxg5 1-0

[Event "Hoersching op 2nd"]
[Site "Hoersching"]
[Date "2014.08.28"]
[Round "6"]
[White "Rotter, Harald"]
[Black "Gruber, Gernot"]
[Result "1-0"]
[WhiteElo "1771"]
[BlackElo "2026"]
[PlyCount "28"]
[EventDate "2014.08.23"]
[EventType "swiss"]
[EventRounds "9"]
[EventCountry "AUT"]
[SourceTitle "EXT 2015"]
[Source "ChessBase"]
[SourceDate "2014.11.20"]
[SourceVersion "1"]
[SourceVersionDate "2014.11.20"]
[SourceQuality "1"]

1. e4 e6 2. d4 d5 3. exd5 exd5 4. Bd3 Bd6 5. Ne2 h6 6. Nbc3 c6 7. Bf4 Bxf4 8. Nxf4 Qb6 9. 0-0 Kf8 10. Re1 Qxd4 11. Nfxd5 cxd5 12. Re8+ Kxe8 13. Bb5+ Nc6 14. Qxd4 Bd7 1-0

[Event "Hoersching op 2nd"]
[Site "Hoersching"]
[Date "2014.08.23"]
[Round "1"]
[White "Rechberger, Franz"]
[Black "Rotter, Harald"]
[Result "0-1"]
[WhiteElo "2059"]
[BlackElo "1771"]
[PlyCount "78"]
[EventDate "2014.08.23"]
[EventType "swiss"]
[EventRounds "9"]
[EventCountry "AUT"]
[SourceTitle "EXT 2015"]
[Source "ChessBase"]
[SourceDate "2014.11.20"]
[SourceVersion "1"]
[SourceVersionDate "2014.11.20"]
[SourceQuality "1"]

1. d4 e6 2. c4 b6 3. Nf3 h6 4. e4 Bb7 5. Bd3 d6 6. Nc3 Nd7 7. Be3 a6 8. Bc2 Ne7 9. h4 g6 10. Qd2 Bg7 11. Nh2 f5 12. f3 e5 13. d5 f4 14. Bf2 h5 15. Ke2 Bh6 16. b4 Nf6 17. c5 a5 18. Ba4+ Kf7 19. a3 Ba6+ 20. Bb5 Bxb5+ 21. Nxb5 Nxe4 22. Qd3 Nxf2 23. Kxf2 bxc5 24. bxc5 Nf5 25. Nf1 dxc5 26. Nd2 Bf8 27. Ne4 Be7 28. d6 cxd6 29. Qd5+ Kg7 30. Rhd1 Qb6 31. Nbxd6 c4+ 32. Ke2 Bxd6 33. Rab1 Qe3+ 34. Kf1 Ng3+ 35. Nxg3 fxg3 36. Rb7+ Kh6 37. Rd2 Bc5 38. Qf7 Rag8 39. Qd7 Qg1+ 0-1